Antología de cuentos
Gespeichert in:
| 1. Verfasser: | |
|---|---|
| Format: | Buch |
| Sprache: | Spanisch |
| Veröffentlicht: |
Santiago
Zig-Zag
1957
|
| Schriftenreihe: | Colección Antologías
|
| Schlagworte: | |
| Tags: |
Tag hinzufügen
Keine Tags, Fügen Sie den ersten Tag hinzu!
|
MARC
| LEADER | 00000nam a2200000 a 4500 | ||
|---|---|---|---|
| 001 | UCQ6286 | ||
| 003 | CL-VaPUC | ||
| 008 | 981009e19570000CL |||||||||||||||||spa|d | ||
| 082 | 0 | 4 | |a Ch863.08 |b SIL |2 21 |
| 100 | 0 | |a Silva, Víctor Domingo |e author |9 420165 | |
| 245 | 1 | 0 | |a Antología de cuentos |
| 300 | |a 234 p | ||
| 942 | |c BK | ||
| 945 | |d 19981009 00:00:00 |a crobeson | ||
| 260 | |a Santiago |b Zig-Zag |c 1957 | ||
| 650 | 0 | |a Cuentos chilenos |9 308280 | |
| 650 | 0 | |a Literatura chilena |9 308278 | |
| 650 | 0 | |a Antologías |9 309836 | |
| 583 | |a last modification |c 19981009 00:00:00 |k Rodrigo Vera | ||
| 490 | 0 | |a Colección Antologías | |
| 999 | |c 276287 |d 276285 | ||